Hey, pancakes! / (Record no. 113784)
[ view plain ]
| 000 -LEADER | |
|---|---|
| fixed length control field | 00483nam a2200169 a 4500 |
| 001 - CONTROL NUMBER | |
| control field | 4111 |
| 005 - DATE AND TIME OF LATEST TRANSACTION | |
| control field | 20140414132038.0 |
| 008 - FIXED-LENGTH DATA ELEMENTS--GENERAL INFORMATION | |
| fixed length control field | 090202s19uu xx 00 eng d |
| 020 ## - INTERNATIONAL STANDARD BOOK NUMBER | |
| International Standard Book Number | 0-439-72756-1 |
| 050 ## - LIBRARY OF CONGRESS CALL NUMBER | |
| Classification number | TR |
| Item number | H51 2005 |
| 100 ## - MAIN ENTRY--PERSONAL NAME | |
| Personal name | Weston, Tamson |
| 245 ## - TITLE STATEMENT | |
| Title | Hey, pancakes! / |
| Statement of responsibility, etc | words by Tamson Weston ; pictures by Stephen Gammell. |
| 260 ## - PUBLICATION, DISTRIBUTION, ETC. (IMPRINT) | |
| Place of publication, distribution, etc | New York : |
| Name of publisher, distributor, etc | Scholastic, |
| Date of publication, distribution, etc | c2005. |
| 300 ## - PHYSICAL DESCRIPTION | |
| Extent | 1 v. (unpaged) : col., ill. ; |
| 700 ## - ADDED ENTRY--PERSONAL NAME | |
| Personal name | Gammell, Stephen |
| Withdrawn status | Lost status | Damaged status | Use restrictions | Home library | Current library | Shelving location | Date acquired | Source of acquisition | Cost, normal purchase price | Total Checkouts | Full call number | Barcode | Date last seen | Price effective from | Koha item type |
|---|---|---|---|---|---|---|---|---|---|---|---|---|---|---|---|
| Munich Library | Munich Library | Teachers Reference Section | 02/02/2009 | 120.00 | TR H51 2005 | M5426 | 04/14/2014 | 04/14/2014 | Books |